Pieseň októbra materiály k 40. výročiu Veľkej októbrovej socialistickej revolúcie

Bibliographic Details
Other Authors: Ferko, Milan, 1929-2010 (Compiler), Koyš, Pavel, 1932-1993 (Compiler)
Format: Book
Language:Slovak
PhysicalDescription:149, [1] s. 8°
Published: Bratislava Smena 1957
Subjects:

MARC

LEADER 00000nam a2200000 a 4500
001 vtls008334252
003 SK-MaSNL
005 20260331204733.0
008 181127s1957 xo 000 slo
015 |a SKSNBA1957/12-01844 
035 |a SK01SNK19570026469 
035 |a SKM000028932 
040 |a SNK  |b slo  |c SNK  |e AACR2 
041 1 |a slo 
044 |a xo  |c SK 
080 |a 882+820/899 (47)(082)  |2 1981 
080 |a 885.4-1  |2 1981 
080 |a 885.4-2  |2 1981 
100 1 |a Ferko, Milan,  |d 1929-2010  |4 com  |9 134529 
245 1 0 |a Pieseň októbra  |b materiály k 40. výročiu Veľkej októbrovej socialistickej revolúcie  |c zost. M. Ferko a P. Koyš 
260 |a Bratislava  |b Smena  |c 1957  |e Bratislava  |f Polygrafické závody 
300 |a 149, [1] s.  |c 8° 
500 |a Nt. 
563 |a 7200 výtl. 
650 0 7 |a októbrová revolúcia (1917 : Rusko)  |2 SNK  |9 164524 
650 0 7 |a slovenská literatúra  |2 SNKPH  |9 1115 
650 0 7 |a sovietska literatúra  |2 SNKPH  |9 22300 
700 1 |a Koyš, Pavel,  |d 1932-1993  |4 com  |9 74689 
852 |a Slovenská národná knižnica v Martine  |b 10000  |h SD 14351 
852 |a Slovenská národná knižnica v Martine  |b 10000  |h SD 14351 D1 
919 |a brož. 
958 |a OND 
958 |a TL 
958 |a RK 
958 |a LX 
958 |a RU 
999 |c 936767  |d 938697 
952 |a SNK  |b SNK  |y PREZ  |7 0  |p 17A0515824  |o snkSD 14351  |i snkKSP 3309/57  |0 0  |1 0  |4 0  |d 2006-07-13  |l 0  |r 2025-11-27 00:00:00  |w 2026-02-24